000 00461nam a2200181Ia 4500
008 230917s9999||||xx |||||||||||||| ||und||
020 _cRS240
040 _e227964
_aMAIN
041 _aEnglish
082 _a346.022 K143S(17)
100 _aKapoor, S K
245 0 _aSamvida vidhi II
250 _a17th ed.
260 _aAllahabad
_bCentral Law Agency
_c2015
300 _a289 p.
500 _a2086 26/08/2015 KB15/115 11/09/2015 Main Budget
942 _cBK
999 _c15715
_d15715